00800nam a2200205 i 4500003000900000005001700009007000300026008004100029040003000070082002000100110004900120245011700169264007800286300005300364336002700417337003300444338002800477610004900505700004000554DO-SdBNP20250611093238.0ta210716e2010 dr a frt 001 0 spa d aDO-SdBNPbspacBNPHUerda 4axxxxbR426i2221 aRepública Dominicana.bCámara de Cuentas10aPlan estratégico de desarrollo y sostenibilidad institucional :b2010-2016 /cedición, Milagros Germán R.  1aSanto Domingo :bCámara de Cuentas de la República Dominicana,c2010. a96 páginas :bilustraciones ;c26 cm.eCD-ROOM atextobtxt2rdacontent asin mediaciónbn2rdamedia avolumenbnc2rdacarrier 4aRepública Dominicana.bCámara de cuentas1 aGermán R., Milagros,eeditor4ed.